Azmapu: una aproximación al sistema normativo Mapuche desde el Rakizuam y el derecho propio

Gespeichert in:
Bibliographische Detailangaben
Hauptverfasser: Melin Pehuen, Miguel Angel (autor), Coliqueo Collipal, Patricio (VerfasserIn), Curihuinca Neira, Elsy (VerfasserIn), Royo Letelier, Manuela (VerfasserIn)
Format: Buch
Sprache:Spanisch
Veröffentlicht: Santiago Territorio Mapuche 2016
Ausgabe:1a. ed
Schlagworte:
Tags: Tag hinzufügen
Keine Tags, Fügen Sie den ersten Tag hinzu!

MARC

LEADER 00000cam a2200000 a 4500
001 UCD6026
003 CL-VaPUC
008 161111e20160000cl |||||||||||||||||spa|d
082 0 4 |a 983.46  |b MEL  |2 21 
100 |a Melin Pehuen, Miguel Angel  |e autor  |9 603097 
700 0 |a Coliqueo Collipal, Patricio  |e author  |9 589754 
700 0 |a Curihuinca Neira, Elsy  |e author  |9 589755 
700 0 |a Royo Letelier, Manuela  |e author  |9 589756 
245 1 0 |a Azmapu: una aproximación al sistema normativo Mapuche desde el Rakizuam y el derecho propio 
250 |a 1a. ed 
300 |a 134 p 
942 |c BK 
945 |d 20161111 10:35:00  |a arojas 
260 |a Santiago  |b Territorio Mapuche  |c 2016 
650 0 |a Mapuches   |9 392456 
650 7 |a SISTEMA NORMATIVO  |2 CL-VaPUC  |9 441986 
650 0 |a Derecho y sociedad   |9 255963 
583 |a last modification  |c 20161111 10:35:00  |k Rodrigo Vera 
999 |c 366477  |d 366475 
952 |0 0  |1 0  |3 erb  |4 0  |6 983_460000000000000_MEL_2016  |7 0  |8 A  |9 480738  |a BIBING  |b BIBING  |i 5346843  |o 983.46 MEL 2016  |p 5346843  |r 2025-01-20  |w 2019-11-24  |y BK  |z Catalogado en:20161111  |k GEO 
952 |0 0  |1 0  |3 erb  |4 0  |6 983_460000000000000_MEL_2016  |7 0  |8 A  |9 480739  |a BIBING  |b BIBING  |i 5346851  |o 983.46 MEL 2016  |p 5346851  |r 2025-01-20  |w 2019-11-24  |y BK  |z Catalogado en:20161111  |k GEO